| 000 | 01895nam a2200289 i 4500 | ||
|---|---|---|---|
| 003 | DO-SdBNP | ||
| 005 | 20250710085313.0 | ||
| 007 | ta | ||
| 008 | 250710b2025 dr ||||| |||| 00| 0 spa d | ||
| 020 | _a9789945917185 | ||
| 040 |
_aDO-SdBNP _bspa _cBNPHU _erda |
||
| 082 |
_axxx _bR789 _222 |
||
| 100 | 1 |
_aRosario, Esteban _d1953- _eautor _4aut. _99330 |
|
| 245 | 1 | 4 |
_aLos monopolios en la Republica Dominicana / _cEsteban Rosario |
| 264 |
_aSanto Domingo : _bEditorial Santuario, _c2025. |
||
| 300 |
_a398 páginas ; _c23 cm. |
||
| 336 |
_atexto _btxt _2rdacontent |
||
| 337 |
_asin mediación _bn _2rdamedia |
||
| 338 |
_avolumen _bnc _2rdacarrier |
||
| 500 | _aIncluye datos biografícos del autor en la contraportada. | ||
| 500 | _aEl número de ISBN no corresponde con el libro. | ||
| 504 | _aBibliografía p: 397-398. | ||
| 520 | _aDiez empresas controlan la economía dominicana. Diez grupos monopólicos. Tres bancos concentran el 54.4 por ciento del producto interno bruto. Diez empresas aportan el 62.3 por ciento de las recaudaciones del Estado. Tres contribuyen con el 44 por ciento. “Al evaluar los tres primeros lugares de las empresas que contribuyeron más en la recaudación de Impuestos Internos en el año 2023 se encuentran: Refinería Dominicana de Petróleo, Cervecería Nacional Dominicana y Banco Popular Dominicano”, revela la Dirección General de Impuestos Internos. La concentración económica se hace más notoria cuando se analizan las cuotas de mercado de las empresas o grupos empresariales, según su sector. Las empresas que más aportan a las recaudaciones del Estado tienen posiciones casi monopólicas en el mercado nacional. “Las industrias y el sector financiero, destaca la Dirección de Impuestos Internos, tienen los niveles más altos de concentración”. | ||
| 590 | _aInventariado, 2025/ YL | ||
| 910 | _aYLockward | ||
| 942 |
_2ddc _cLBS1 |
||
| 999 |
_c59017 _d59017 |
||